Normová metoda v průmyslových podnicích - základ vnitropodnikového řízení

Guardado en:
Detalles Bibliográficos
Autor principal: Schroll, Rudolf
Formato: Libro
Lenguaje:checo
Publicado: Praha Státní nakladatelství technické literatury 1987
Etiquetas: Agregar Etiqueta
Sin Etiquetas, Sea el primero en etiquetar este registro!

MARC

LEADER 00000nam a2200000 4500
001 c029542
005 20250929141218.1
041 0 |a cze 
044 |a CZ 
245 1 0 |a Normová metoda v průmyslových podnicích - základ vnitropodnikového řízení  |c Rudolf Schroll 
264 1 |a Praha  |b Státní nakladatelství technické literatury  |c 1987 
300 |a 278 s. 
100 1 |a Schroll, Rudolf